00762nam a22002177a 450000500170000001000150001702000260003203500140005803700090007208200100008110000370009124500820012826000410021027000440025130000220029565000210031770000330033894200240037199900190039595201300041420240814110704.0 aENG-141076 a9798888330609c599.00 aEN-124608 bDBAD a270.2 aChaudhuary, Abdul Hassan 970001 aScientific Ideas in THE QUR'AN:bA Modern Outlook/cBy Abdul Hassan Chaudhury aChennaibNotion Press, Chennaic2022 a7, Red Cross Rd EgmorebChennaie600008 a373p.c23cm (pbk) aBiography970002 aGore, Madhav Sadashiv910217 2ddccENh270.2mHAS c204617d204617 001040708NFICaBL1bBL1d2024-07-30eDBADg599.00l0o270.2 HASpEN-124608r2024-07-30 00:00:00t1v599.00w2024-07-30yEN